000 01289nam a22002177a 4500
999 _c63025
_d63025
003 Ge_BSU
005 20250508160035.0
008 250508s2001 ge ||||| |||| 00| 0 geo d
041 _ageo
080 _a330.106:1 მ-20
100 _aმალაშხია, გიორგი
_97239
245 _aეკონომიკურ-ფილოსოფიური ესეები = Economic-philosofic essayes = Экономико-философские эссеи /
_cგ. მალაშხია; რედ. ბ. მარკოვი, ჯ. ჯალაღონია; ეკონომიკისა და სოც. პრობლემების ს.-კ. ინ-ტი.
264 _aთბ. :
_bეგრისი,
_c 2001.
300 _a248გვ. ;
_b20სმ.
504 _aბიბლიოგრ. ტექსტის შენიშვნებში.
653 _aეკონომიკის ფილოსოფია
700 _aმარკოვი, ბ.
_eრედაქტორი
_925025
700 _a ჯალაღონია, ჯ.
_eრედაქტორი
_925026
710 _aეკონომიკისა და სოც. პრობლემების ს.-კ. ინ-ტი.
_925027
942 _2udc
_cᲬᲘᲒᲜᲘ